000 nam a22 7a 4500
999 _c129562
_d129562
008 190503b xxu||||| |||| 00| 0 eng d
020 _a978-1-77936-019-9
050 _aHQ789.B724
100 _aBookteam
_946253
245 _aLet the smallest speak from the tallest peak
_ba people's guide to children's rights
_c/ by Bookteam
260 _aHarare:
_bAfrica Community Publishing and Development Trust,
_c2010.
300 _a191p. ;
_c21cm.
650 _aChildren's rights
_945792
942 _2lcc
_cMONOGRAPH